000 00769nam a2200217Ii 4500
003 JO-AjNU
008 230605s9999||||xx |||||||||||||| ||und||
017 _a2004/2/243
040 _aJO-AjNU
_bara
_erda
_cJO-AjNU
041 _aara
050 1 4 _aHD37.A7.B56.2007
100 3 _aبن حبتور،عبدالعزيز صالح,
_eauthor
_927405
245 0 0 _aالادارة الاستراتيجية :ادارة جديدة في عالم متغير
250 _aط2
264 3 1 _aعمان:دار المسيرة للنشر والتوزيع،2007
300 _a380ص
336 _atext
_btxt
_2rdacontent
337 _aunmediated
_bn
_2rdamedia
338 _avolume
_bnc
_2rdacarrier
650 4 _aالادارة العامه-التخطيط الاستراتيجي
_927406
999 _aA10506
_c14074
_d14074